Statistics for bts member nicknames

Click here to take the quiz!

General Stats

  • This quiz has been taken 333 times
  • The average score is 27 of 31

Answer Stats

nicknamemember% Correct
bunnyjungkook
100%
worldwide handsomejin
99%
grandpasuga
97%
taetaev
94%
the sound effect of the groupjhope
92%
mochijimin
92%
sunshinejhope
91%
golden maknaejungkook
91%
agust dsuga
91%
chim chimjimin
90%
gucci boyv
90%
moonchildrm
89%
hobijhope
87%
fake maknaejin
87%
rap monrm
87%
god of destructionrm
85%
lil meow meowsuga
85%
blank taev
84%
golden hyungjhope
83%
doolyjimin
82%
dance prodigyrm
81%
namurm
81%
pink princessjin
80%
muscle pigjungkook
80%
minstradamussuga
80%
justin seagulljungkook
78%
geniussuga
78%
cgvv
78%
nochujungkook
77%
car door guyjin
75%
vantev
74%

Score Distribution

Percentile by Number Answered

Percent of People with Each Score

Your Score History

You have not taken this quiz